000 01216nam a22002537a 4500
005 20170124103200.0
010 _aB-071895
020 _c100.00
_a8179440060
035 _aB-071895
037 _bCen Lib/Ret
040 _aDPL
_bHN
082 _a291
_bसैयद
100 _aसैयद असद अली
_945799
245 _aगुरु ग्रंथ साहब :
_cसैयद असद अली
_bभारतीय दर्शन और इस्लाम /
246 _aGuru Granth Sahab : bharteey darshan aur islam /
_bby Syed Asad Ali
260 _bसन्त साहित्य संस्थान
_aनई दिल्ली
_c2001
270 _a3611, नेताजी सुभाष मार्ग, दरियागंज
_bनई दिल्ली
_e110002
300 _a102पृ.
_c20सेमी(सजिल्द)
650 _aगुरु नानक -- जीवन परिचय
_986998
650 _aगुरु नानक -- इस्लाम का आरम्भ
_991313
650 _aGuru Nanak - biography
_991314
650 _aGuru Nanak - the beginning of Islam
_991315
942 _2ddc
_cHN
_h291
_mसैयद
999 _c120567
_d120567